Blue Prince Chess Piece Locations - Statistics

General Stats
  • This quiz has been taken 30 times
  • The average score is 20 of 32
Answer Stats
Answer Hint % Correct
Chapel White Bishop
92%
Nook White Rook
92%
Study Black Queen
88%
Observatory White Knight
81%
Office White King
81%
Bedroom White Pawn
77%
Den White Pawn
77%
Her Ladyship's Chamber White Queen
77%
Security White Knight
77%
Clock Tower Black Rook
69%
Throne Room Black King
69%
Parlor Black Pawn
65%
Attic White Bishop
62%
Conservatory Black Rook
62%
Rumpus Room Black Bishop
62%
Storeroom White Pawn
58%
The Armory Black Knight
58%
Walk-in Closet Black Pawn
58%
Bookshop Black Bishop
54%
Bunk Room Black Pawns
54%
Treasure Trove Black Knight
54%
Vault White Rook
54%
Dining Room White Pawn
50%
Dormitory Black Pawn
50%
Lost & Found Black Pawn
50%
Solarium Black Pawn
50%
Drawing Room White Pawn
46%
Guest Bedroom White Pawn
46%
Freezer White Pawn
38%
Nursery White Pawn
38%
Secret Passage Black Pawn
35%
Drafting Studio Black Pawn
31%
No matching quizzes found
Score Distribution
Percent of People with Each Score
Percentile by Number Answered
Your Score History
You have not taken this quiz